After Rome s Fall : narrators and sources of early medieval history : essays presented to Walter Goffart
Αποθηκεύτηκε σε:
| Άλλοι συγγραφείς: | |
|---|---|
| Μορφή: | Βιβλίο |
| Γλώσσα: | English |
| Δημοσίευση: |
Toronto :
University of Toronto Press,
c1998.
|
| Θέματα: | |
| Ετικέτες: |
Προσθήκη ετικέτας
Δεν υπάρχουν, Καταχωρήστε ετικέτα πρώτοι!
|
MARC
| LEADER | 00000cam a2200000 i 4500 | ||
|---|---|---|---|
| 001 | 1/245 | ||
| 008 | 000403s1998 cn | ||| |||| ||eng|| | ||
| 020 | |a 0802007791 | ||
| 035 | |l 10059590 | ||
| 040 | |a GR-MyUa |b gre |e AACR2 | ||
| 041 | 0 | |a eng | |
| 082 | 7 | |a 940.1072 |2 (22) | |
| 245 | 0 | 0 | |a After Rome s Fall : |b narrators and sources of early medieval history : essays presented to Walter Goffart / |c edited by Alexander Callander Murray. |
| 260 | |a Toronto : |b University of Toronto Press, |c c1998. | ||
| 300 | |a 388 σ. ; |c 24 εκ. | ||
| 504 | |a Περιλαμβάνει βιβλιογραφικές παραπομπές και ευρετήριο. | ||
| 650 | 0 | 0 | |a Middle Ages |x Historiography. |
| 700 | 1 | |a Murray, Alexander C., |d 1946- |e edt | |
| 852 | |a INST |b LESVOS |e 20000403 |h 940.1072 AFT |p 005100020194 |q 005100020194 |t BK |y 0 | ||
| 901 | |a BIBL1-2000-1 | ||
| 922 | |a 1ΕΛΗ |b 200003 |c ΚΠΣ/ΤΚΑ |d ΠΑΠΑΣΩΤΗΡΙΟΥ | ||
| 950 | |a 117-1999-11-26 | ||
| 970 | |a ΜΟΥΣΤΑΚΑ |b ΠΗΝΕΛΟΠΗ |z 2000/04/22 | ||